000 00509nam a2200181Ia 4500
008 240729s9999 xx 000 0 und d
022 _a2524-1729
245 0 _aPetroleum Research
260 _aChina
260 _bKeAi Communications Co., Ltd.
650 _a Chemical technology
650 _a Oils, fats, and waxes
650 _a Petroleum refining. Petroleum products
650 _aTechnology
856 _uhttps://doaj.org/toc/441da705461f41d5a4e6ef1d60b5372f
942 _2ddc
942 _cDOAJEJ
999 _c67614
_d67614
945 _a1
_bMadushi Gamage
_c1
_dMadushi Gamage